Stalking und Häusliche Gewalt: Interdisziplinäre Aspekte und Interventionsmöglichkeiten. Interdisziplinäre Fachtagung am 25. November 2004 in der Katholischen Akademie, Freiburg

Saved in:  
Bibliographic Details
Main Author: Weiß, Andrea (Adapter)
Format: Print Book
Language:German
Published: Freiburg FRIG 2005
In:Year: 2005
Online Access: Table of Contents
Check availability: HBZ Gateway
Subito Delivery Service: Order now.
Keywords:

MARC

LEADER 00000cam a2200000 c 4500
001 1343549760
003 DE-627
005 20240503202422.0
007 tu
008 071029s2005 xx ||||| 00| ||ger c
035 |a (DE-627)1343549760 
035 |a (DE-576)273549766 
035 |a (DE-599)BSZ273549766 
035 |a (OCoLC)315556699 
040 |a DE-627  |b ger  |c DE-627  |e rakwb 
041 |a ger 
245 0 0 |a Stalking und Häusliche Gewalt  |b Interdisziplinäre Aspekte und Interventionsmöglichkeiten. Interdisziplinäre Fachtagung am 25. November 2004 in der Katholischen Akademie, Freiburg  |c Herausgeber Freiburger Interventionsprojekt gegen häusliche Gewalt (FRIG); Redaktion Andrea Weiß 
264 1 |a Freiburg  |b FRIG  |c 2005 
300 |a 120 S.  |b Ill., graph. Darst. 
336 |a Text  |b txt  |2 rdacontent 
337 |a ohne Hilfsmittel zu benutzen  |b n  |2 rdamedia 
338 |a Band  |b nc  |2 rdacarrier 
583 1 |a Archivierung prüfen  |c 20200919  |f DE-640  |z 2  |2 pdager 
583 1 |a Archivierung/Langzeitarchivierung gewährleistet  |f PEBW  |h DE-31  |x XA-DE-BW  |2 pdager  |5 DE-1019 
655 7 |a Konferenzschrift  |0 (DE-588)1071861417  |0 (DE-627)826484824  |0 (DE-576)433375485  |2 gnd-content 
700 1 |a Weiß, Andrea  |e Red.  |4 adp 
856 4 2 |u https://swbplus.bsz-bw.de/bsz273549766inh.htm  |m B:DE-576;DE-Frei85  |q application/pdf  |v 20170330145810  |x Verlag  |3 Inhaltsverzeichnis  |7 1 
935 |a mkri 
951 |a BO 
ELC |b 1 
LOK |0 000 xxxxxcx a22 zn 4500 
LOK |0 001 2961625386 
LOK |0 003 DE-627 
LOK |0 004 1343549760 
LOK |0 005 20170323111202 
LOK |0 008 170323||||||||||||||||ger||||||| 
LOK |0 040   |a DE-Frei85  |c DE-627  |d DE-Frei85 
LOK |0 852   |a DE-Frei85 
LOK |0 852 1  |m p  |9 00 
LOK |0 938   |k p 
LOK |0 939   |a 23-03-17  |b l01 
ORI |a SA-MARC-krimdoka001.raw